[Event "Olbia CIG U16 24th"]
[Site "Olbia"]
[Date "2016.07.01"]
[Round "8"]
[White "Serloni, Ludovico"]
[Black "Paduano, Claudio"]
[Result "1/2-1/2"]
[WhiteElo "1585"]
[BlackElo "1880"]
[PlyCount "128"]
[EventDate "2016.06.26"]
[EventType "swiss"]
[EventRounds "9"]
[EventCountry "ITA"]
[SourceTitle "EXT 2024"]
[Source "ChessBase"]
[SourceDate "2023.10.10"]
[SourceVersion "1"]
[SourceVersionDate "2023.10.10"]
[SourceQuality "1"]

1. d4 Nf6 2. Bf4 g6 3. e3 Bg7 4. Nf3 0-0 5. h3 d6 6. c4 c5 7. Nc3 Bd7 8. Be2 Qb6 9. Rb1 Nc6 10. d5 Nb8 11. e4 Ne8 12. e5 Bf5 13. Bd3 Bxd3 14. Qxd3 Nd7 15. exd6 Nxd6 16. 0-0 Nf5 17. Rfe1 Rfe8 18. Nb5 Rac8 19. Re2 a6 20. Nc3 Nd4 21. Nxd4 cxd4 22. Ne4 e5 23. dxe6 Rxe6 24. b4 Ne5 25. Bxe5 Rxe5 26. c5 Qc6 27. Nd6 Rd8 28. Rxe5 Bxe5 29. Nc4 Bg7 30. Na5 Qd5 31. a3 Re8 32. Rc1 Re6 33. Nb3 Re8 34. Rd1 Re4 35. Nd2 Re6 36. Qc4 Qd7 37. Nf3 Re4 38. Nd2 Qa4 39. Qb3 Qxb3 40. Nxb3 Kf8 41. Na5 Re7 42. Kf1 Ke8 43. Re1 d3 44. Rxe7+ Kxe7 45. Nxb7 Kd7 46. Na5 Bc3 47. f3 f5 48. g3 g5 49. Kf2 f4 50. gxf4 gxf4 51. Nc4 Kc6 52. Nb6 a5 53. Na4 axb4 54. axb4 Bxb4 55. Nb2 Bxc5+ 56. Ke1 Bb4+ 57. Kd1 d2 58. Nd3 Ba5 59. Nxf4 Kc5 60. Ke2 Kd4 61. Ng2 Ke5 62. Kd1 Kf5 63. Ke2 h5 64. Kd1 Ke5 1/2-1/2

[Event "EU-ch U10 25th"]
[Site "Porec"]
[Date "2015.09.22"]
[Round "2"]
[White "Stukan, Martin"]
[Black "Serloni, Ludovico"]
[Result "1-0"]
[WhiteElo "1804"]
[BlackElo "1555"]
[PlyCount "95"]
[EventDate "2015.09.21"]
[EventType "swiss"]
[EventRounds "9"]
[EventCountry "CRO"]
[SourceTitle "EXT 2016"]
[Source "ChessBase"]
[SourceDate "2015.10.08"]
[SourceVersion "1"]
[SourceVersionDate "2015.10.08"]
[SourceQuality "1"]

1. e4 e5 2. Nf3 Nc6 3. Bb5 d6 4. 0-0 Nf6 5. Re1 Bd7 6. c3 Be7 7. d4 exd4 8. cxd4 0-0 9. h3 a6 10. Ba4 Re8 11. Nc3 h6 12. Bc2 Bf8 13. a3 g6 14. Be3 Bg7 15. Qd2 Kh7 16. Rad1 Re7 17. Bf4 Nh5 18. Bh2 Qc8 19. Nd5 Re8 20. e5 dxe5 21. dxe5 Rd8 22. Qe2 Be6 23. Nc3 Bf8 24. Be4 Ng7 25. Bxc6 bxc6 26. Rxd8 Qxd8 27. Rd1 Qb8 28. Bf4 Nf5 29. Nd4 Nxd4 30. Rxd4 Qb6 31. Rd2 Rb8 32. Ne4 Bg7 33. Be3 Qb5 34. f4 Bd5 35. Nc3 Qxe2 36. Rxe2 Be6 37. Ne4 Bf5 38. Nc5 a5 39. Bd4 Bf8 40. Ne4 Be6 41. Bc3 a4 42. Rd2 Kg7 43. Rd4 Bb3 44. Rd7 Bd5 45. e6+ Kg8 46. Nf6+ Kg7 47. Rxf7+ Kh8 48. Rh7# 1-0